| 000 | 00369nam a22001577a 4500 | ||
|---|---|---|---|
| 003 | CEME | ||
| 005 | 20210628202231.0 | ||
| 008 | 210301b xxu||||| |||| 00| 0 eng d | ||
| 040 | _c. | ||
| 082 | _a891.4393 MUM | ||
| 100 |
_aMumtaz Mufti _9370 |
||
| 245 | _aAlukh nagri | ||
| 260 |
_aLAHORE _bSANG E MEEL PUBLISHER _c1999 |
||
| 650 |
_aURDU _958917 |
||
| 942 |
_cBK _2ddc |
||
| 999 |
_c568992 _d568992 |
||